000 00233nam a2200097Ia 4500
008 160319s9999 xx 000 0 und d
245 _aGeography of Earth /
260 _bPierian Spring Software.
260 _cNA
300 _c4 3/4 in.
999 _c292636
_d292636